| 000 | 01286nam a2200325 c 4500 | ||
|---|---|---|---|
| 999 |
_c64310 _d64310 |
||
| 001 | 768714001 | ||
| 003 | CO-MdFUSB | ||
| 005 | 20240618062719.0 | ||
| 008 | 180615t2017 ck ||||| |||| 00| 0 spa d | ||
| 020 | _a9789588867380 | ||
| 040 |
_aCO-MdFUSB _bspa _cCO-MdFUSB _dCO-MdFUSBC _erda |
||
| 041 | _aspa | ||
| 082 |
_223 _a266 _bJ73 |
||
| 100 | 1 |
_aJohnstone, Patrick J. St. G. _eautor |
|
| 245 |
_aOrar por el mundo _c/ Patrick Johnstone |
||
| 264 | 1 |
_aBogotá, Colombia : _bCLC, _c[2017] |
|
| 264 | 4 | _c©2017 | |
| 300 |
_a382 páginas : _bmapas _c; 24 cm |
||
| 336 |
_2rdacontent _atexto _btxt |
||
| 337 |
_2rdamedia _asin mediación _bn |
||
| 338 |
_2rdacarrier _avolumen _bnc |
||
| 500 | _aPortada incluye: Simplificado de Operación Mundo basado en la 7a edición por Jason Mandryk y Molly Wall | ||
| 505 |
_tIntroducción _aEl Ethos de OM -- Cómo usar Orar por el mundo |
||
| 505 |
_tEl mundo y sus regiones _aEl mundo -- Panorama de la región de África -- Panorama de la región de Las Américas -- Panorama de la región de Asia -- Panorama de la región de Europa -- Panorama de la región del Pacífico -- Anexos |
||
| 563 | _aRústico. | ||
| 650 | 0 |
_aMisiones _9154 |
|
| 650 | 7 |
_9400 _aOración _xMisiones |
|
| 650 | 0 |
_9934 _aMisiones extranjeras _eOración |
|
| 942 | _cBK | ||